| 000 | 01821nam a2200445Ii 4500 | ||
|---|---|---|---|
| 001 | DIGEDIUOC414 | ||
| 003 | NyNyDIG | ||
| 008 | 141201s2011 sp a ob 000 0 spa d | ||
| 006 | m o d | ||
| 007 | cr ||||||||||| | ||
| 020 | _z8497889142 | ||
| 020 | _z9788497889148 | ||
| 035 | _a(OCoLC)823655224 | ||
| 040 |
_aDGITA _beng _erda _epn _cDGITA |
||
| 041 | 1 |
_aspa _heng |
|
| 050 | 1 | 4 | _aBF637.N66 eBook |
| 100 | 1 |
_aSzarota, Piotr, _eauthor. |
|
| 240 | 1 | 0 |
_aSmile. _lSpanish |
| 245 | 1 | 0 |
_aSonrisa : _bmanual de usuario / _cPiotr Szarota ; [traducción al castellano, Sandra Surez]. |
| 250 | _aPrimera edición en castellano. | ||
| 264 | 1 |
_aBellcaire d'Empordà, Girona : _bAresta ; _aBarcelona : _bUniversitat Oberta de Catalunya, _c2011. |
|
| 300 | _a1 online resource (127 pages) | ||
| 336 |
_atext _btxt _2rdacontent |
||
| 337 |
_acomputer _bc _2rdamedia |
||
| 338 |
_aonline resource _bcr _2rdacarrier |
||
| 490 | 1 |
_aComunicación y sociedad ; _v6. |
|
| 500 | _aTranslation of: Smile: a user's manual. Bellcaire d'Empordà, Girona : Aresta, 2011. | ||
| 504 | _aIncludes bibliographical references (pages [117]-124). | ||
| 588 | 0 | _aOnline resource; title from ePub and PDF title page (Digitalia, viewed November 15, 2014) | |
| 650 | 0 | _aNonverbal communication. | |
| 650 | 0 | _aSocial skills. | |
| 655 | 0 | _aElectronic books. | |
| 791 | 2 |
_aDigitalia (Firm), _edistributor. |
|
| 793 | 0 |
_gDigitalia eBook Collection: _aUniversitat Oberta de Catalunya. |
|
| 776 | 0 | 8 |
_iPrint version: _aSzarota, Piotr. _tSonrisa : manual de usuario. _dBarcelona : Universitat Oberta de Catalunya, 2011. _z9788497889148. |
| 830 | 0 |
_aComunicación y sociedad (Aresta) ; _v6. |
|
| 856 | 4 | 0 |
_3Digitalia Hispánica _uhttps://www.digitaliapublishing.com/a/20343/ |
| 910 | _aPremium Collection: 2014 | ||
| 942 | _cRAA | ||
| 999 |
_c236870 _d236870 |
||